1805 1828 1426 1294 1868 1504 1993 1425 1114 1620 1319 1710 1345 1543 1466 1233 1657 1309 1936 1595 1414 1203 1549 1797 1071 1386 1390 1049 1414 1248 1809 1149 1543 1548 1061 1281 1243 1883 1113 1456 1095 1576 1937 1220 1217 1230 1950 1493 1839 1971 1184 1376 1738 1219 1938 1036 1517 1518 1238 1805 1206 1482 1415 1647 1015 1154 1870 1628 1789 1459 1523 1760 1107 1494 1015 1802 1333 1377 1259 1002 1642 1475 1687 1119 1951 1203 1073 1513 1241 1527 1305 1479 1613 1387 1881 1146 1546 1034 1725 BCNSPRNW ULIB Ver.6.0+V

เปลี่ยนเป็นภาษาไทย

Change to English
 แสดงรายละเอียดบรรณานุกรม
  กลับหน้าหลัก

Brief Record : Get Marc (ISO 2709) : E-mail record : QR code < ปิดหน้าต่าง
LEADER : 00000nam 2200000uu 4500
001    13399124118
003     ULIB
008    150119s2555||||th 000 0 tha d
020    ^a9786165051859
050  4 ^aCB195^bส747อ ล.3
110 2  ^aมหาวิทยาลัยสุโขทัยธรรมาธิราช.^bสาขาวิชาศิลปศาสตร์
245 10 ^aเอกสารการสอนชุดวิชาอารยธรรมมนุษย์ หน่วยที่11-115=^bHuman civilization /^cสาขาวิชาศิลปศาสตร์มหาวิทยาลัยสุโขทัยธรรมาธิราช
246 30 ^aอารยธรรมมนุษย์
250    ^aพิมพ์ครั้งที่ 6(ฉบับปรับปรุงครั้งที่3)
260    ^aนนทบุรี :^bสาขาวิชาศิลปศาสตร์ มหาวิทยาลัยสุโขทัยธรรมาธิราช,^c2555
300    ^a3 เล่ม :^bภาพประกอบ, แผนที่
505 0  ^aล.3 หน่วยที่ 11-15
650  7 ^aประวัติศาสตร์โลก
650  7 ^aอารยธรรม
945    ^p0^l0^i038415
945    ^p0^l0^i038416
999    ^aเกษร โพธิ์สุวรรณ
รายการนี้ยังไม่มีแท็ก
คุณยังไม่ได้ล็อกอิน คุณสามารถมีกิจกรรมร่วมกับเว็บไซต์ได้ แต่ต้องล็อกอินก่อน ::
  ล็อกอิน

รายการสื่อสารสนเทศ

ลำดับที่ ประเภท เลขเรียก/บาร์โค้ด สถานที่ สถานะ
1. วิทยาศาสตร์การแพทย์ และสุขภาพ
หนังสือสำรอง
สถานะ=หนังสือสำรอง
CB195 ส747อ ล.3 ฉ.1 
  Barcode: 038415
ห้องสมุดวิทยาเขตสวรรค์ประชารักษ์
►หนังสือทั่วไป
บนชั้น
2. วิทยาศาสตร์การแพทย์ และสุขภาพ
วิทยาศาสตร์การแพทย์ และสุขภาพ
CB195 ส747อ ล.3 ฉ.2 
  Barcode: 038416
ห้องสมุดวิทยาเขตสวรรค์ประชารักษ์
►หนังสือทั่วไป
บนชั้น

รายการใกล้เคียง
    หัวเรื่อง [ประวัติศาสตร์โลก]
    หัวเรื่อง [อารยธรรม]

BibComment


ยังไม่เคยถูกคอมเมนท์

คอมเมนท์ทรัพยากรรายการนี้
  คอมเมนท์: เอกสารการสอนชุดว..


 Copyright 2026. Bcnsprnw @Library